2010s Songs - Sudden Death - Statistics

General Stats
  • This quiz has been taken 54,336 times
    52,397 since last reset
  • The average score is 6 of 13
Answers on the Grid
Answers color-coded by a green-red scale on the quiz's grid according to % correct below.
Bad Guy
Desperado
Smooth Criminal
Copacabana
Despacito
Livin' La Vida Loca
Cat Scratch Fever
Eye of the Tiger
Roar
Gangnam Style
Sharp Dressed Man
Vogue
Love the Way You Lie
Torn
You're So Vain
Go the Distance
Go Your Own Way
Let Her Go
Daydream Believer
Imagine
Thinking Out Loud
Break Stuff
T.N.T.
Wrecking Ball
Funky Cold Medina
Funkytown
Uptown Funk
Black Hole Sun
Counting Stars
Rocket Man
Dancing on My Own
Dancing on the Ceiling
Dancing Queen
Africa
Havana
Kashmir
Humble
Smooth
Toxic
 
Answer Stats
Answer % Correct
Luis Fonsi / Daddy Yankee (2017) Despacito
77%
Billie Eilish (2019) Bad Guy
74%
Psy (2012) Gangnam Style
66%
Katy Perry (2013) Roar
60%
Eminem / Rihanna (2010) Love the Way You Lie
51%
Mark Ronson ft. Bruno Mars (2014) Uptown Funk
48%
Miley Cyrus (2013) Wrecking Ball
48%
One Republic (2013) Counting Stars
44%
Camila Cabello (2017) Havana
44%
Passenger (2012) Let Her Go
40%
Ed Sheeran (2014) Thinking Out Loud
38%
Kendrick Lamar (2017) Humble
30%
Robyn (2010) Dancing on My Own
28%
No matching quizzes found
Score Distribution
Percent of People with Each Score
Percentile by Number Answered
Your Score History
You have not taken this quiz since the last reset